Salva a los españoles adivinando las provincias - Estadísticas

Estadísticas generales
  • Esta prueba ha sido intentada 91 veces
  • La puntuación promedio es 2729 de 4900
Respuestas en el mapa
Las respuestas están codificadas por una escala verde-roja en el mapa de la prueba según el % correcto abajo.
 
Estadísticas de respuestas
Puntos Provincia % Correcto
711 Madrid
87%
596 Barcelona
75%
198 Sevilla
73%
276 Valencia
71%
179 Málaga
69%
203 Alicante
64%
77 Córdoba
58%
100 Zaragoza
58%
126 Cádiz
56%
95 Granada
56%
159 Murcia
53%
102 Asturias
49%
114 La Coruña
49%
125 Islas Baleares
45%
33 Lugo
45%
76 Toledo
45%
77 Almería
44%
95 Pontevedra
40%
62 Jaén
38%
45 León
38%
67 Badajoz
36%
88 Tarragona
36%
117 Vizcaya
36%
54 Huelva
35%
36 Burgos
33%
39 Cáceres
33%
63 Castellón
33%
20 Cuenca
33%
117 Las Palmas
33%
16 Segovia
33%
83 Gerona
31%
68 Navarra
31%
31 Orense
31%
109 Santa Cruz de Tenerife
31%
53 Valladolid
31%
59 Cantabria
29%
23 Huesca
29%
46 Lérida
29%
39 Albacete
27%
49 Ciudad Real
27%
14 Teruel
25%
34 Álava
24%
33 Salamanca
24%
16 Ávila
22%
16 Palencia
22%
17 Zamora
22%
73 Guipúzcoa
20%
33 La Rioja
18%
9 Soria
16%
29 Guadalajara
11%
No se encontraron pruebas coincidentes
Distribución de puntuación
Porcentaje de gente con cada puntuación
Porcentaje por número respondido
Historial de tus puntuaciones
No has intentado esta prueba.